Sócrates (Registro nro. 5866)

Detalles MARC
000 -LEADER
fixed length control field 01318 a2200193 4500
001 - CONTROL NUMBER
control field 55004
005 - DATE AND TIME OF LATEST TRANSACTION
control field 20260407155825.0
008 - FIXED-LENGTH DATA ELEMENTS--GENERAL INFORMATION
fixed length control field 260407a1955 arg spa d
003 - CONTROL NUMBER IDENTIFIER
control field AR-UNSa-BCEJYS
040 ## - CATALOGING SOURCE
Original cataloging agency AR-UNSa-BCEJYS
Language of cataloging spa
Transcribing agency AR-UNSa-BCEJYS
080 ## - UNIVERSAL DECIMAL CLASSIFICATION NUMBER
Universal Decimal Classification number 101.1
Common auxiliary subdivision Naturaleza de la filosofía. La filosofía como ciencia. La filosofía como arte (pensamiento filosófico)
100 1# - MAIN ENTRY--PERSONAL NAME
Personal name Mondolfo, Rodolfo
245 10 - TITLE STATEMENT
Title Sócrates
264 #1 - PRODUCTION, PUBLICATION, DISTRIBUTION, MANUFACTURE, AND COPYRIGHT NOTICE
Place of production, publication, distribution, manufacture Buenos Aires :
Name of producer, publisher, distributor, manufacturer EUDEBA (Editorial Universitaria de Buenos Aires)
Date of production, publication, distribution, manufacture, or copyright notice 1955
300 ## - PHYSICAL DESCRIPTION
Extent 151 p.
Dimensions 18 cm.
505 ## - FORMATTED CONTENTS NOTE
Formatted contents note 1. La situación histórica – 2. La situación cultural – 3. La existencia histórica de Sócrates. Vida y características – 4. El problema de Sócrates y las condiciones para su solución – 5. La inspiración religiosa y la purificación de lo espíritus – 6. La refutación como purificación y estímulo para la investigación. La mayéutica – 7. La ciencia y los conceptos universales – 8. Ciencia y virtud, ignorancia y pecado. La unidad de las virtudes – 9. El eudemonismo socrático: no utilitarismo, sino ética del amor y del deber – 10. El alma y su inmortalidad. La inspiración religiosa de Sócrates – 11. La influencia histórica y la perennidad de Sócrates.
590 ## - LOCAL NOTE (RLIN)
Local note niveau_biblio:m niveau_hierar:0
942 ## - ADDED ENTRY ELEMENTS (KOHA)
Koha item type
Existencias
Withdrawn status Lost status Damaged status Not for loan Home library Current library Shelving location Date acquired Total checkouts Full call number Barcode Date last seen Price effective from Koha item type
        Biblioteca Prof. Eusebio Cleto del Rey Biblioteca Prof. Eusebio Cleto del Rey   07/04/2026   101.1 M741 L33916 07/04/2026 07/04/2026 Libro
        Biblioteca Prof. Eusebio Cleto del Rey Biblioteca Prof. Eusebio Cleto del Rey   07/04/2026   101.1 M741 L33920 07/04/2026 07/04/2026 Libro
        Biblioteca Prof. Eusebio Cleto del Rey Biblioteca Prof. Eusebio Cleto del Rey   07/04/2026   101.1 M741 L33919 07/04/2026 07/04/2026 Libro
        Biblioteca Prof. Eusebio Cleto del Rey Biblioteca Prof. Eusebio Cleto del Rey   07/04/2026   101.1 M741 L33918 07/04/2026 07/04/2026 Libro
        Biblioteca Prof. Eusebio Cleto del Rey Biblioteca Prof. Eusebio Cleto del Rey   07/04/2026   101.1 M741 L33917 07/04/2026 07/04/2026 Libro